000 00533nam a2200181Ia 4500
005 20250326124113.0
008 250326s9999 xx 000 0 und d
037 _aTextbook
040 _aFMSL
_beng
_cFMSL
041 _aeng
_2eng
084 _aX:321.2 L4;5
_qFMSL
100 _aMehta S C
245 0 _aIndian consumers: studies and cases for marketing decisions
_cMehta S C
260 _aNew Delhi
_bNew Delhi, Tata McGraw-Hill
_c1974
300 _a336p
942 _cTB
_hX:321.2 L4;5
999 _c1272296
_d1272296